Cargando...
Wall Paintings in North Kerala/India: 1000 Years of Temple Art
| Autor Principal: | |
|---|---|
| Formato: | Printed Book |
| Publicado: |
Asian Folklore Studies; 2006; 65, 1; pg. 123
2006
|
| Subjects: | |
| Acceso en liña: | http://10.26.1.76/ks/003298.pdf |
| LEADER | 004310000a22001330004500 | ||
|---|---|---|---|
| 100 | |a Beatrix Hauser | ||
| 245 | |a Wall Paintings in North Kerala/India: 1000 Years of Temple Art | ||
| 260 | |c 2006 | ||
| 260 | |b Asian Folklore Studies; 2006; 65, 1; pg. 123 | ||
| 650 | |a BOOK REVIEW | ||
| 856 | |u http://10.26.1.76/ks/003298.pdf | ||
| 942 | |c KS | ||
| 999 | |c 72686 |d 72686 | ||
| 952 | |0 0 |1 0 |4 0 |7 0 |9 64650 |a MGUL |b MGUL |d 2015-08-01 |l 0 |r 2015-08-01 |w 2015-08-01 |y KS | ||